| 000 | 00305 a2200133 4500 | ||
|---|---|---|---|
| 999 |
_c321602 _d321602 |
||
| 001 | 86529 | ||
| 003 | NUST | ||
| 005 | 20180123095614.0 | ||
| 008 | 180123b xxu||||| |||| 00| 0 eng d | ||
| 082 | _a398.2054912 GHU | ||
| 100 |
_aGhulam Umar _99551 |
||
| 245 |
_aBaba-e-Seir _hUrdu |
||
| 260 |
_aIslamabad _bLok Virsa _c1980 |
||
| 300 | _a246p. | ||
| 500 | _aLok Virsa | ||
| 942 |
_aCAENUST _cBK _k398.2054912 GHU _2ddc |
||